Riconosci l'Allenatore dalla Carriera - America del Sud - Statistics

Statistiche generali
  • Questo quiz è stato fatto 17 volte
  • Il punteggio medio è 11 su 17
Statistiche sulle risposte
Nazione Carriera Allenatore % Corretto
Argentina Espanyol 2009-2013, Southampton 2013-2014, Tottenham 2014-2019, Paris-Saint Germain 2021-2022 Mauricio Pochettino
100%
Argentina Racing Club 2006, Estudiantes 2006-2007, River Plate 2008, San Lorenzo 2009-2010, Catania 2011, Racing Club 2011, Atletico Madrid 2011- Diego Simeone
93%
Brasile Milan 2009-2010, Inter 2010-2011, Antalyaspor 2016-2017 Leonardo
93%
Argentina Argentina 2018- Lionel Scaloni
86%
Argentina Newell's Old Boys 1990-1992, Atlas 1993-1994, América 1995-1996, Velez Sarsfield 1997-1998, Espanyol 1998, Argentina 1999-2004, Cile 2007-2011, Athletic Bilbao 2011-2013, Olympique Marsiglia 2014-2015, Lilla 2017, Leeds Utd 2018-2022 Marcelo Bielsa
86%
Argentina Huracán 1993-1995, Lanús 1995-1997, Maiorca 1997-1999, Valencia 1999-2001, Inter 2001-2003, Maiorca 2004-2006, Betis Siviglia 2007, Parma 2009, Georgia 2008-2009, Arīs Salonicco 2009-2011, Racing Santander 2011, Orduspor 2011-2013, Al-Wasl 2013-2014, Egitto 2015-2018, Uzbekistan 2018-2019, Repubblica Democratica del Congo 2011-2022, Siria 2023- Héctor Cúper
71%
Cile Universidad de Chile 1988-1990, Palestino 1990-1992, O'Higgins 1992-1993, Universidad Católica 1993-1996, LDU Quito 1998-2000, San Lorenzo 2000-2002, River Plate 2002-2004, Villarreal 2004-2009, Real Madrid 2009-2010, Malaga 2010-2013, Manchester City 2013-2016, Habei CFFC 2016-2018, West Ham Utd 2018-2020, Betis Siviglia 2020- Manuel Pellegrini
71%
Argentina Textil Mandiyú 1994, Racing Club 1995, Argentina 2008-2010, Al-Wasl 2011-2012, Fujairah 2017-2018, Dorados 2018-2019, Gimnasia La Plata 2019-2020 Diego Armando Maradona
64%
Brasile CSA 1982, Juventude 1982-1983, Brasil de Pelotas 1983, Al-Shabab 1984-1985, Pelotas 1986, Juventude 1986-1987, Grêmio 1987, Goiás 1988, Al-Qadisiya 1988-1990, Kuwait 1990, Criciúma 1991, Al-Ahli 1991, Al-Qadisiya 1992, Grêmio 1993-1996, Júbilo Iwata 1996-1997, Palmeiras 1997-2000, Cruzeiro 2000-2001, Brasile 2001-2002, Portogallo 2002-2008, Chelsea 2008-2009, Bunyodkor 2009-2010, Palmeiras 2010-2012, Brasile 2012-2014, Grêmio 2014-2015, Guangzhou Evergrande 2015-2017, Palmeiras 2018-2019, Cruzeiro 2020-2021, Grêmio 2021, Athletico Paranaense 2022, Luiz Felipe Scolari
64%
Uruguay Uruguay Under-20 1983, Danubio 1984, Montevideo Wanderers 1985-1986, Uruguay Under-20 1986-1987, Peñarol 1987, Deportivo Cali 1988, Uruguay 1988-1990, Boca Juniors 1991-1993, Peñarol 1993-1994, Cagliari 1994-1995, Milan 1996, Real Oviedo 1997-1998, Cagliari 1999, Vélez Sarsfield 2000-2001, Boca Juniors 2001-2002, Uruguay 2006-2021 Óscar Tabárez
64%
Brasile Corinthians 1998-2000, Palmeiras 2002-2004, Palmeiras 2005-2006, Santos 2007, Santos 2008, Al-Ain 2008-2009, Internacional 2009-2010, Al-Wahda 2010, Corinthians 2010-2014, Emirati Arabi Uniti 2014-2015, Qatar 2015-2016, Al-Nassr 2016, Brasile 2016-2022 Tite
64%
Brasile Brasile Olimpico 2006-2008, Brasile 2006-2010, Al-Rayyan 2011, Internacional 2012-2013, Brasile 2014-2016, Brasile Olimpico 2015-2016 Dunga
57%
Argentina Puteaux 1944-1945, Stade Français 1945-1948, Francia 1946-1948,Real Valladolid 1949, Atletico Madrid 1949-1952, Malaga 1952, Deportivo La Coruña 1953, Siviglia 1953-1956, Belenenses 1956-1958, Barcellona 1958-1960, Barcelona XI 1958, Spagna 1959-1962, Inter 1960-1968, Roma 1968-1972, Inter 1973-1974, Rimini 1978-1979, Barcellona 1979-1981 Helenio Herrera
57%
Argentina Argentino 1996-1997, Juan Aurich 2002, Sport Boys 2003, Cor.Bolognesi FC 2004-2005, Cor.Bolognesi FC 2006, Sporting Cristal 2007, O'Higgins 2007-2009, Emelec 2009-2010, Universidad de Chile 2010-2012, Cile 2012-2016, Siviglia 2016-2017, Argentina 2017-2018, Santos 2019, Atlético Mineiro 2020-2021, Olympique Marsiglia 2021-2022, Siviglia 2022- Jorge Sampaoli
57%
Argentina Platense 1999, Insistuto 2000-2001, Libertad 2002-2003, Cerro Porteño 2004, Colón 2005, Libertad 2005-2006, Paraguay 2007-2011, Newell's Old Boys 2011-2013, Barcellona 2013-2014, Argentina 2014-2016, Atlanta Utd 2016, Messico 2019-2022 Gerardo Martino
43%
Brasile Botafogo 1967-1970, Brasile 1967, Brasile 1968, Brasile 1970-1974, Fluminense 1970-1971, Flamengo 1971-1972, Flamengo 1972-1973, Flamengo 1973, Botafogo 1975, Kuwait 1976-1978, Botafogo 1978, Al-Hilal 1978-1979, Fluminense 1979-1980, Vasco da Gama 1980-1981, Al-Nasse 1981, Arabia Saudita 1981-1984, Flamengo 1984-1985, Botafogo 1986, Bangu 1988-1989, Emirati Arabi Uniti 1989-1990, Vasco da Gama 1990-1991, Brasile 1994-1998, Brasile Olimpico 1996, Portoguesa 1998-1999, Al-Hilal 1999-2000, Flamengo 2000-2001, Brasile 2002 Mário Zagallo
21%
Argentina Huracán 1971-1974, Argentina 1974-1982, Barcellona 1983-1984, Boca Juniors 1986-1987, Atletico Madrid 1987-1988, River Plate 1989, Peñarol 1990-1991, Messico 1991-1992, Boca Juniors 1992-1993, Independiente 1996-1997, Sampdoria 1997, Independiente 1997-1999, Rosario Central 2002, Independiente 2005, Puebla 2006, Tecos de la UAG 2007-2008 César Luis Menotti
7%
Nessun quiz corrispondente trovato
Distribuzione punteggi
Percentuale di utenti per punteggio
Percentile per numero di risposta
I tuoi punteggi nel tempo
Non hai fatto questo quiz